Responses for show #630 - Friday, May 8, 1987

Contestants

Tim Casey, a graphic artist from St. Paul, Minnesota

Michael Aronson, a graduate student from Needham, Massachusetts

Mark Stitham, a physician from Kailua, Hawaii (whose 1-day cash winnings total $10,100)

[next game >>]

Jeopardy! Round responses

SOUTH AMERICA
MACY'S PARADE
ANAGRAMS
MOVIES
LOVE & MARRIAGE
AROUND THE HOUSE
    $100 9
(Tim: Uh, what is coal?)
(Michael: What is wood?)

steam

MarkMichaelTim
    $100 7
float & a balloon

Tim
    $100 10
English (from "Shingle")

Mark
    $100 1
The Three Amigos

Mark
    $100 3
June

Mark
    $100 23
Democrats

Tim
    $200 15
Peru

Tim
    $200 8
Mighty Mouse

Michael
    $200 11
night (from thing)

Tim
    $200 2
The Muppet Movie

Tim
    $200 12
heaven

Mark
    $200 24
(Alex: That is right and we've got less than a minute to go in this round.)

its population

Mark
    $300 20
(Simon) Bolivar

Tim
    $300 17
The Rockettes

Tim
    $300 25
pals (from Alps)

Tim
    $300 4
Sgt. Pepper's Lonely Hearts Club Band

Tim
    $300 13
Jerry Lee Lewis

Tim
    $300 26
Senate

Tim
    $400 21
The Mission

Tim
    $400 18
Monopoly

Mark
    $400 29
Earth (from heart)

Tim
    $400 5
Little Shop of Horrors

Tim
    $400 14
"Hot Lips" Houlihan

Michael
    $400 27
Wright

Tim
    $500 22
writer

Michael
    $500 19
(Michael: What is an underwater tunnel?)
(Alex: Be more specific.)

Lincoln Tunnel

Michael
    $500 30
lance (from clean)

Tim
    $300 6
(Tim: ...I don't know.)

Steve Martin

Tim
    $500 16
St. Elsewhere

Tim
    $500 28
(Alex: From The Love Boat.)

Fred Grandy

Michael

Scores at the first commercial break (after clue 11):

Mark Michael Tim
$400 $100 $800

Scores at the end of the Jeopardy! Round:

Mark Michael Tim
$1,200 $2,000 $4,800

Double Jeopardy! Round responses

ANATOMY
U.S. CITIES
COUNTRY MUSIC
BOOKS & AUTHORS
COLORS
-OLOGIES
    $200 1
blood

Tim
    $200 2
(Tim: What is Philadelphia?)

Chicago

MichaelTim
    $200 17
Johnny Cash

Tim
    $200 16
Paradise

Tim
    $200 3
orange

Michael
    $200 19
lying

Michael
    $400 6
shin

Tim
    $2,000 9
(Alex: Yes, "Do You Know the Way to [*]?")

San Jose

Tim
    $400 18
Willie Nelson

Mark
    $400 26
(Shirley) Jackson

Mark
    $400 4
olive

Tim
    $400 20
worms

Mark
    $600 13
salivary

Mark
    $600 10
(Mark: What is St. Louis?)

Nashville

Mark
Triple Stumper
    $600 28
(Michael: What is a musician?)
...
[The end-of-round signal sounds.]

dead

Michael
Triple Stumper
    $600 27
From Here to Eternity

Mark
    $600 5
strawberry

Mark
    $600 21
postcards

Michael
    $900 14
liver

Mark
    $800 11
(Michael: What is Illinois?)

Massachusetts

MichaelTim
    $800 24
(Tim: What is War of the Worlds?)
(Mark: What is Invisible? What is the word, "Invisible"?)

Invisible Man

MarkMichaelTim
    $800 7
lemon

Tim
    $800 22
lakes

Tim
    $1000 15
tone

Triple Stumper
    $1000 12
(Michael: What is Illinois?)
...
(Alex: The largest city being Baltimore.)

Maryland

MarkMichael
    $1000 25
Dickens

Mark
    $1000 8
(Alex: Not only did all of the responses feature colors, but fruits as well.)

plum

Triple Stumper
    $1000 23
(Alex: We've got a minute to go.)

terminology

Michael

Scores at the end of the Double Jeopardy! Round:

Mark Michael Tim
$5,700 $2,600 $9,600

[wagering suggestions for these scores]

Final Jeopardy! Round responses

U.S. CURRENCY
(Alex: It shows the signing of the Declaration of Independence.)
MichaelWhat is $2 bill
$2,500
MarkWhat is $500 bill
$5,000
TimWhat is the $100.000.00 bill
$1,801
the $2 bill

Final scores:

Mark Michael Tim
$700 $5,100 $7,799
3rd place: Foremost wood ensemble shelving 2nd place: Roper range & InKor cookware New champion: $7,799

Game dynamics:

Coryat scores:

Mark Michael Tim
$5,600 $2,600 $8,300
16 R
(including 1 DD),
2 W
11 R,
4 W
26 R
(including 1 DD),
4 W
(including 1 DD)

Combined Coryat: $16,500

The J! Archive is created by fans, for fans. The Jeopardy! game show and all elements thereof, including but not limited to copyright and trademark thereto, are the property of Jeopardy Productions, Inc. and are protected under law. This website is not affiliated with, sponsored by, or operated by Jeopardy Productions, Inc. Join the discussion at JBoard.tv.